Fenntartható disztribúció és kihívásai a Horváth Rudolf Intertransport Kft. példáján
| Szerző: | |
|---|---|
| További közreműködők: | |
| Dokumentumtípus: | Diplomadolgozat |
| Kulcsszavak: | digitalizáció disztribúció ellátási lánc - ellátó hálózat fenntarthatóság logisztikai szolgáltatások |
| Online Access: | http://dolgozattar.uni-bge.hu/60249 |
MARC
| LEADER | 00000nta a2200000 i 4500 | ||
|---|---|---|---|
| 001 | dolg60249 | ||
| 005 | 20260409150207.0 | ||
| 008 | 260409suuuu hu om 000 hun d | ||
| 040 | |a BGE Dolgozattár Repozitórium |b hun | ||
| 041 | |a hu | ||
| 100 | 1 | |a Iván Anna | |
| 245 | 1 | 0 | |a Fenntartható disztribúció és kihívásai a Horváth Rudolf Intertransport Kft. példáján |c Iván Anna |h [elektronikus dokumentum] |
| 520 | 3 | |a A dolgozat célja a fenntartható disztribúció elméleti és gyakorlati aspektusainak vizsgálata, különös tekintettel a Horváth Rudolf Intertransport Kft. működésére. A fenntartható logisztika és ellátási láncmenedzsment jelentősége az utóbbi években egyre növekszik, válaszul a környezeti kihívásokra és a társadalmi elvárásokra. A dolgozat első részében bemutatásra kerül a fenntarthatóság fogalma, annak dimenziói, valamint a zöld logisztikai megoldások, különös hangsúlyt fektetve a disztribúció környezetbarát módjaira. A kutatás második részében esettanulmány formájában kerül elemzésre a Horváth Rudolf Intertransport Kft. gyakorlata, amely során kvalitatív módszer segítségével feltérképezésre kerültek a vállalat fenntarthatóságot célzó intézkedései, valamint azok hatékonysága. Az eredmények alapján megállapítható, hogy a vállalat jelentős lépéseket tett a környezeti terhelés csökkentése érdekében, ugyanakkor számos kihívással is szembesül, például az alternatív üzemanyagok alkalmazásának és a digitalizáció kiterjesztésének területén. A dolgozat végkövetkeztetése, hogy a fenntartható disztribúció nemcsak környezeti, hanem gazdasági előnyöket is hordoz, azonban megvalósítása komplex, összehangolt vállalati stratégiát igényel. | |
| 695 | |a digitalizáció | ||
| 695 | |a disztribúció | ||
| 695 | |a ellátási lánc - ellátó hálózat | ||
| 695 | |a fenntarthatóság | ||
| 695 | |a logisztikai szolgáltatások | ||
| 700 | 1 | |a Bányai Dr. Kornél |e ths | |
| 856 | 4 | 0 | |u http://dolgozattar.uni-bge.hu/60249/1/Fenntarthat%C3%B3%20disztrib%C3%BAci%C3%B3%20%C3%A9s%20kih%C3%ADv%C3%A1sai%20a%20Horv%C3%A1th%20Rudolf%20Intertransport%20Kft.%20p%C3%A9ld%C3%A1j%C3%A1n.pdf |z Dokumentum-elérés |
| 856 | 4 | 0 | |u http://dolgozattar.uni-bge.hu/60249/2/7.-titkositasi-kerelem-2020%20SA.pdf |z Dokumentum-elérés |
| 856 | 4 | 0 | |u http://dolgozattar.uni-bge.hu/60249/3/Ivan_Anna_belso_biralat.pdf |z Dokumentum-elérés |
| 856 | 4 | 0 | |u http://dolgozattar.uni-bge.hu/60249/4/IvanAnna_SK_biralat.pdf |z Dokumentum-elérés |